000 00487nam a2200181Ia 4500
005 20260531145103.0
008 260531s9999 xx 000 0 und d
020 _a9788178085586
041 _aEnglish
082 _a681.3.23.413 YAL
100 _aYalamanchili (Sudhakar)
245 0 _aIntroductory VHDL
_bFrom Simulation to Synthesis
260 _bPeaeson Education
_aNew Delhi
_c2002
300 _bPaper Back
_a401+19
563 _aPaper Back
650 _a VHDL
942 _cBK
999 _c195024
_d195024